Ministry of Truth - Statistics

General Stats
  • This quiz has been taken 9 times
  • The average score is 5 of 21
Answers on the Grid
Answers color-coded by a green-red scale on the quiz's grid according to % correct below.
Winston Churchill
Ra was the Egyptian God of the moon
Uriah Heep
Virgil
Boris Johnson was born in the USA
Cleopatra was the last Egyptian Pharaoh
Rome was built in a day
Franklin D Roosevelt
Moby Dick
Haile Selassie
Elizabeth Bennet
Sydney Prescott
Jaws was directed by Steven Spielberg
Stephen King
Jack Torrance
Confucius
Don Quixote
Clark Griswold
The Jazz Singer was the first 'talkie' film
The Great Wall of China can be seen from space
Joseph Stalin was born in Armenia
Iceland is the only NATO member without a standing army
Qin Shi Huang
William Tell
King Arthur
Eartha Kitt didn't know what her birthday was until 1998
Paul Bunyan
Tetris was invented in the Soviet Union
Vikings wore horned helmets
Long John Silver
Bartholomew Roberts (Black Bart)
Some pirates owned parrots
Cthuhlu
The Kong Mountain Range
Dodos were from Madagascar
Chiang Kai Shek
Vito Corleone
Juan Peron was president of Argentina
Atlanta, USA was the host of the 1904 Olympics
Lucky Luciano
Nelson Mandela
Dr Jekyll
Mahatma Gandhi
Marty Mcfly
 
Answer Stats
Answer % Correct
Winston Churchill
100%
Franklin D Roosevelt
86%
Stephen King
71%
Jaws was directed by Steven Spielberg
57%
Confucius
43%
Iceland is the only NATO member without a standing army
43%
Cleopatra was the last Egyptian Pharaoh
29%
The Jazz Singer was the first 'talkie' film
29%
Virgil
29%
Haile Selassie
14%
Nelson Mandela
14%
Tetris was invented in the Soviet Union
14%
Bartholomew Roberts (Black Bart)
0%
Boris Johnson was born in the USA
0%
Chiang Kai Shek
0%
Eartha Kitt didn't know what her birthday was until 1998
0%
Juan Peron was president of Argentina
0%
Lucky Luciano
0%
Mahatma Gandhi
0%
Qin Shi Huang
0%
Some pirates owned parrots
0%
No matching quizzes found
Score Distribution
Percent of People with Each Score
Percentile by Number Answered
Your Score History
You have not taken this quiz